00422nam a2200157Ia 4500008004100000020001800041082001200059100002200071245003500093250000700128260004700135300002300182500001900205600002000224650002000244240925s9999 xx 000 0 und d a9788121922593 a390 ROY aRoy, Indrani Basu 0aAnthropology: the study of man aNA aNew Delhi:bS. Chand & Company LTDc,2016. a340p.b0fOriginal aIncludes Index aSocial Sciences aSocial Sciences